000 00586nam a2200205 u 4500
005 20220528063510.0
008 080805s2005 r 000 0 eng d
020 _a8466747087
035 _aUPN01000159021
049 _aCG
050 4 _aPQ6663 A8.3
_bCH5.3
100 1 _aMateos, Pilar
245 1 4 _aLos chicos de al lado /
_cPilar Mateos ; il. de Carmen Segovia.
260 _aMadrid :
_bAnaya,
_c2005.
300 _a144 p.
440 0 _aSopa de libros ;
_v107
650 0 _aLiteratura juvenil espaƱola
_912359
650 4 _aVIDA RURAL EN LA LITERATURA
_914613
905 _aLibro
999 _c131135
_d131135